Statistiques concernant Devinez le Département Mystère #52

Cliquez ici pour prendre le quiz!

Statistiques générales

  • Ce quiz a été pris 118 fois
  • Le résultat moyen est 29 sur 33

Statistiques - réponses

Type de RéponseRéponse% Correct
Lettre TrouvéeE
100%
Lettre TrouvéeR
100%
Lettre TrouvéeI
99%
Lettre TrouvéeL
99%
Lettre de l'AlphabetN
99%
Lettre TrouvéeO
99%
Lettre de l'AlphabetA
98%
Lettre de l'AlphabetS
97%
Lettre TrouvéeT
97%
Lettre de l'AlphabetD
95%
Lettre de l'AlphabetU
95%
Lettre de l'AlphabetC
94%
Lettre de l'AlphabetH
94%
Lettre de l'AlphabetV
92%
Lettre de l'AlphabetM
91%
Lettre de l'AlphabetB
90%
Lettre de l'AlphabetG
89%
Lettre de l'AlphabetP
89%
Lettre Bien PlacéeE
86%
Lettre de l'AlphabetF
86%
Lettre de l'AlphabetY
84%
Lettre de l'AlphabetZ
82%
Lettre Bien PlacéeL
81%
Lettre Bien PlacéeO
81%
Lettre de l'AlphabetQ
81%
Lettre Bien PlacéeI
79%
Lettre de l'AlphabetJ
79%
Lettre de l'AlphabetK
78%
Département MystèreLoiret
78%
Lettre Bien PlacéeR
78%
Lettre Bien PlacéeT
78%
Lettre de l'AlphabetW
78%
Lettre de l'AlphabetX
78%

Distribution des résultats

Percentile par nombre de réponses

% des personnes avec chaque résultat

Votre développement - résultats

Vous n’avez pas pris ce quiz